01420nam a2200301Ia 4500001000600000003000900006008004100015040001300056040001300069041001300082100002100095100002900116245001700145245001700162250001100179260001100190260001500201260004900216300005700265500044900322650002800771650003100799942000700830957000600837999001700843999000600860952025200866F6429IT-RoPAU130308s9999 xx 000 0 und d aIT-RoPAU cIT-RoPAU aITALIANO aPezzotta Alberto gCodice Aut. SPICS: 21652 aAbel Ferrara bAbel Ferrara a1a ed. aMILANO bIl Castoro c1998 [1° Ed.:1998 - Ed.Ling.Originale:1998] a"128 p. (prefazione: no ; testo: 128 [pagine: 0-0])" aMonografia su Questo regista Americano, nato nel Bronx nel 1951. Dal Pornoalla Teologia, dal Cinema di Genere a Quello D'Autore, Abel Ferrara è Il poeta della Notte, della Violenza, della colpa e del Tradimento. tra I Suoifilm Ricordiamo: Nine Lives Of a Wet Pussy (1977), The Driller Killer (1979), Il Cattivo Tenente (1992), The Addiction (1995), Fratelli (1996), New Rose Hotel (1998). Filmografia, Videografia, Discografia e Bibliografia. aAUTORI/OPERE DEL CINEMA eCodice materia Spics: 6807 cBK 71 c87383d87383 g1 0010406F_000000000000000_642971aSPICSbSPICSd2013-03-08l0oF6429r2013-03-08 00:00:00w2013-03-08yBKzProgressivo inserimento: 34269 / Fascicolo: 190 N. Volumi: 1 Copie: 1 / data import: 1 marzo 2013 - By Epidotti, Trombetti, Vaglietti.